El desarrollo humano en Nicaragua 2002 : las condiciones de la esperanza
| Format: | Section = Libro |
|---|---|
| Language: | Undetermined Spanish |
| Published: |
Managua
PNUD
2002
|
| Subjects: |
| LEADER | 00644nam a2200217Ia 4500 | ||
|---|---|---|---|
| 008 | 240829s9999 xx 000 0 und d | ||
| 020 | |a 99924-0-204-0 | ||
| 040 | |a BIBLIOTECA-RUPAP Ref 303.44 P964 | ||
| 041 | |a spa | ||
| 082 | |a Ref 303.44 P964 | ||
| 245 | 1 | 0 | |a El desarrollo humano en Nicaragua 2002 : las condiciones de la esperanza |
| 260 | |a Managua |b PNUD |c 2002 | ||
| 300 | |a 206 p. :il. | ||
| 650 | 7 | |a DESARROLLO HUMANO | |
| 650 | 7 | |b POBLACION ACTIVA | |
| 650 | 7 | |c POBLACION OCUPADA-CRECIMIENTO | |
| 650 | 7 | |d FORMACION DE CAPACIDADES | |
| 650 | 7 | |e DESARROLO ECONOMICO Y SOCIAL I. Tít. | |
| 942 | |c BK |2 ddc | ||
| 991 | |a TEXTO | ||
| 999 | |c 10269 | ||